[Event "Deutsche Ländermeisterschaft 2025"]
[Site "Oer-Erkenschwick GER"]
[Date "2025.10.03"]
[Round "4"]
[White "Derr, Oleg"]
[Black "Naumann, Lennart"]
[Result "1-0"]
[Termination "normal"]
[Board "3.4"]
[WhiteElo "2146"]
[BlackElo "1895"]
[WhiteClock "01:23:46"]
[BlackClock "00:08:27"]
[WhiteTeam "Hessen"]
[BlackTeam "Württemberg"]
[PlyCount "75"]
[WhiteFideId "34611517"]
[BlackFideId "34644830"]
[EventCountry "GER"]
[EventRounds "7"]
[EventType "team-swiss"]
[EventDate "2025.09.30"]

1. e4 {[%clk 01:30:57]} {[%emt 00:00:02]} c6 {[%clk 01:30:56]} {[%emt
00:00:04]} 2. d4 {[%clk 01:31:23]} {[%emt 00:00:05]} d5 {[%clk 01:31:19]}
{[%emt 00:00:06]} 3. Nc3 {[%clk 01:31:49]} {[%emt 00:00:04]} dxe4 {[%clk
01:31:42]} {[%emt 00:00:07]} 4. Nxe4 {[%clk 01:32:14]} {[%emt 00:00:06]} Bf5
{[%clk 01:31:58]} {[%emt 00:00:12]} 5. Ng3 {[%clk 01:32:40]} {[%emt 00:00:04]}
Bg6 {[%clk 01:32:20]} {[%emt 00:00:08]} 6. h4 {[%clk 01:33:02]} {[%emt
00:00:08]} h6 {[%clk 01:32:41]} {[%emt 00:00:09]} 7. Nf3 {[%clk 01:33:29]}
{[%emt 00:00:04]} Nd7 {[%clk 01:32:48]} {[%emt 00:00:22]} 8. h5 {[%clk
01:33:54]} {[%emt 00:00:06]} Bh7 {[%clk 01:33:10]} {[%emt 00:00:07]} 9. Bd3
{[%clk 01:34:21]} {[%emt 00:00:03]} Bxd3 {[%clk 01:32:47]} {[%emt 00:00:54]}
10. Qxd3 {[%clk 01:34:46]} {[%emt 00:00:05]} e6 {[%clk 01:32:45]} {[%emt
00:00:31]} 11. Bf4 {[%clk 01:34:59]} {[%emt 00:00:17]} Ngf6 {[%clk 01:32:54]}
{[%emt 00:00:20]} 12. O-O-O {[%clk 01:34:37]} {[%emt 00:00:53]} Nd5 {[%clk
01:28:28]} {[%emt 00:04:56]} 13. Bd2 {[%clk 01:34:39]} {[%emt 00:00:28]} Qc7
{[%clk 01:24:50]} {[%emt 00:04:07]} 14. Kb1 {[%clk 01:31:59]} {[%emt 00:03:11]}
Be7 {[%clk 01:21:05]} {[%emt 00:04:15]} 15. Ne4 {[%clk 01:28:24]} {[%emt
00:04:06]} O-O-O {[%clk 01:18:55]} {[%emt 00:02:40]} 16. g3 {[%clk 01:25:57]}
{[%emt 00:02:56]} N7f6 {[%clk 00:55:29]} {[%emt 00:23:55]} 17. c4 {[%clk
01:24:32]} {[%emt 00:01:57]} Nxe4 {[%clk 00:55:27]} {[%emt 00:00:31]} 18. Qxe4
{[%clk 01:24:56]} {[%emt 00:00:06]} Nf6 {[%clk 00:55:34]} {[%emt 00:00:22]} 19.
Qe2 {[%clk 01:24:59]} {[%emt 00:00:26]} c5 {[%clk 00:44:57]} {[%emt 00:11:09]}
20. dxc5 {[%clk 01:20:59]} {[%emt 00:04:31]} Bxc5 {[%clk 00:44:30]} {[%emt
00:00:57]} 21. Bf4 {[%clk 01:21:06]} {[%emt 00:00:22]} Bd6 {[%clk 00:44:10]}
{[%emt 00:00:49]} 22. Rxd6 {[%clk 01:21:00]} {[%emt 00:00:37]} Rxd6 {[%clk
00:37:23]} {[%emt 00:07:17]} 23. c5 {[%clk 01:21:23]} {[%emt 00:00:07]} Qxc5
{[%clk 00:30:18]} {[%emt 00:07:34]} 24. Rc1 {[%clk 01:21:50]} {[%emt 00:00:04]}
Qxc1+ {[%emt 00:00:21]} 25. Bxc1 {[%clk 01:22:16]} {[%emt 00:00:03]} Nd5 {[%clk
00:26:32]} {[%emt 00:04:21]} 26. Ne5 {[%clk 01:22:29]} {[%emt 00:00:21]} Rb6
{[%clk 00:20:22]} {[%emt 00:06:40]} 27. Qg4 {[%clk 01:21:08]} {[%emt 00:01:46]}
Rd8 {[%clk 00:18:07]} {[%emt 00:02:50]} 28. Nxf7 {[%clk 01:20:38]} {[%emt
00:01:01]} Nc3+ {[%clk 00:15:43]} {[%emt 00:02:51]} 29. Kc2 {[%clk 01:20:57]}
{[%emt 00:00:12]} Rf8 {[%clk 00:09:33]} {[%emt 00:06:41]} 30. Qxg7 {[%clk
01:20:52]} {[%emt 00:00:35]} Rxf7 {[%clk 00:08:47]} {[%emt 00:01:16]} 31. Qg8+
{[%clk 01:21:05]} {[%emt 00:00:17]} Kd7 {[%clk 00:07:59]} {[%emt 00:01:18]} 32.
Qxf7+ {[%clk 01:21:31]} {[%emt 00:00:05]} Kc6 {[%clk 00:08:10]} {[%emt
00:00:19]} 33. bxc3 {[%clk 01:21:49]} {[%emt 00:00:11]} a5 {[%clk 00:07:40]}
{[%emt 00:01:01]} 34. Qxe6+ {[%clk 01:22:14]} {[%emt 00:00:05]} Kb5 {[%clk
00:07:59]} {[%emt 00:00:10]} 35. a4+ {[%clk 01:22:32]} {[%emt 00:00:13]} Kxa4
{[%clk 00:08:13]} {[%emt 00:00:16]} 36. Qc4+ {[%clk 01:22:54]} {[%emt
00:00:07]} Rb4 {[%clk 00:08:37]} {[%emt 00:00:07]} 37. cxb4 {[%clk 01:23:18]}
{[%emt 00:00:06]} b5 {[%clk 00:08:27]} {[%emt 00:00:39]} 38. Qb3# {[%clk
01:23:46]} {[%emt 00:00:03]} 1-0

[Event "Deutsche Ländermeisterschaft 2025"]
[Site "Oer-Erkenschwick GER"]
[Date "2025.10.03"]
[Round "4"]
[White "Moldovan, Stela"]
[Black "Werner, Rosalie"]
[Result "1/2-1/2"]
[Termination "normal"]
[Board "3.5"]
[WhiteElo "1841"]
[BlackElo "1953"]
[WhiteClock "00:03:49"]
[BlackClock "00:01:20"]
[WhiteTeam "Württemberg"]
[BlackTeam "Hessen"]
[PlyCount "162"]
[WhiteFideId "16287380"]
[BlackFideId "16223748"]
[EventCountry "GER"]
[EventRounds "7"]
[EventType "team-swiss"]
[EventDate "2025.09.30"]

1. d4 {[%clk 01:30:19]} {[%emt 00:00:40]} c5 {[%clk 01:30:41]} {[%emt
00:00:19]} 2. e3 {[%clk 01:30:09]} {[%emt 00:00:39]} Nf6 {[%clk 01:30:52]}
{[%emt 00:00:20]} 3. Nf3 {[%clk 01:30:25]} {[%emt 00:00:14]} g6 {[%clk
01:30:54]} {[%emt 00:00:27]} 4. c4 {[%clk 01:28:22]} {[%emt 00:02:33]} Bg7
{[%clk 01:30:48]} {[%emt 00:00:36]} 5. Nc3 {[%clk 01:28:19]} {[%emt 00:00:33]}
O-O {[%clk 01:28:30]} {[%emt 00:02:48]} 6. d5 {[%clk 01:23:52]} {[%emt
00:04:57]} d6 {[%clk 01:27:12]} {[%emt 00:01:48]} 7. Qc2 {[%clk 01:08:01]}
{[%emt 00:16:21]} e6 {[%clk 01:22:41]} {[%emt 00:05:01]} 8. Be2 {[%clk
01:05:54]} {[%emt 00:02:36]} exd5 {[%clk 01:17:11]} {[%emt 00:06:01]} 9. cxd5
{[%clk 01:03:44]} {[%emt 00:02:40]} Re8 {[%clk 01:07:52]} {[%emt 00:09:49]} 10.
Nd2 {[%clk 01:00:41]} {[%emt 00:03:34]} Ng4 {[%clk 00:58:08]} {[%emt 00:10:14]}
11. O-O {[%clk 00:53:10]} {[%emt 00:08:01]} a6 {[%clk 00:40:25]} {[%emt
00:18:13]} 12. a4 {[%clk 00:46:55]} {[%emt 00:06:45]} b6 {[%clk 00:34:44]}
{[%emt 00:06:10]} 13. Bxg4 {[%clk 00:39:54]} {[%emt 00:07:31]} Bxg4 {[%clk
00:34:58]} {[%emt 00:00:16]} 14. f3 {[%clk 00:40:00]} {[%emt 00:00:24]} Bc8
{[%clk 00:28:54]} {[%emt 00:06:34]} 15. Nc4 {[%clk 00:33:26]} {[%emt 00:05:21]}
Bb7 {[%clk 00:08:49]} {[%emt 00:22:18]} 16. e4 {[%clk 00:32:03]} {[%emt
00:01:53]} Bd4+ {[%clk 00:05:02]} {[%emt 00:04:17]} 17. Kh1 {[%clk 00:30:58]}
{[%emt 00:01:34]} Bxc3 {[%clk 00:01:45]} {[%emt 00:03:47]} 18. Qxc3 {[%clk
00:30:10]} {[%emt 00:01:18]} b5 {[%clk 00:02:10]} {[%emt 00:00:06]} 19. Ne3
{[%clk 00:29:44]} {[%emt 00:00:54]} Nd7 {[%clk 00:01:55]} {[%emt 00:00:47]} 20.
Ng4 {[%clk 00:29:06]} {[%emt 00:01:08]} f6 {[%clk 00:01:49]} {[%emt 00:00:36]}
21. Qe1 {[%clk 00:26:32]} {[%emt 00:03:00]} Bxd5 {[%clk 00:01:07]} {[%emt
00:01:16]} 22. Nh6+ {[%clk 00:25:50]} {[%emt 00:01:12]} Kg7 {[%clk 00:01:20]}
{[%emt 00:00:17]} 23. Qg3 {[%clk 00:26:03]} {[%emt 00:00:16]} Bc4 {[%clk
00:01:08]} {[%emt 00:00:43]} 24. Rd1 {[%clk 00:25:51]} {[%emt 00:00:39]} Ne5
{[%clk 00:00:38]} {[%emt 00:01:02]} 25. Rxd6 {[%clk 00:24:12]} {[%emt
00:02:09]} Qc7 {[%clk 00:00:40]} {[%emt 00:00:28]} 26. Nf5+ {[%clk 00:23:47]}
{[%emt 00:00:53]} Kh8 {[%clk 00:01:05]} {[%emt 00:00:07]} 27. Rxf6 {[%clk
00:23:00]} {[%emt 00:01:17]} gxf5 {[%clk 00:01:07]} {[%emt 00:00:28]} 28. Bf4
{[%clk 00:23:00]} {[%emt 00:00:30]} Ra7 {[%clk 00:00:35]} {[%emt 00:01:03]} 29.
Bxe5 {[%clk 00:22:32]} {[%emt 00:00:57]} Qxe5 {[%clk 00:00:40]} {[%emt
00:00:25]} 30. Rf8+ {[%clk 00:22:56]} {[%emt 00:00:06]} Rxf8 {[%clk 00:01:05]}
{[%emt 00:00:05]} 31. Qxe5+ {[%clk 00:23:22]} {[%emt 00:00:04]} Rg7 {[%clk
00:01:27]} {[%emt 00:00:07]} 32. exf5 {[%clk 00:22:36]} {[%emt 00:01:16]} Kg8
{[%clk 00:01:25]} {[%emt 00:00:31]} 33. axb5 {[%clk 00:21:12]} {[%emt
00:01:55]} Bxb5 {[%clk 00:01:06]} {[%emt 00:00:50]} 34. Qd5+ {[%clk 00:18:47]}
{[%emt 00:02:54]} Kh8 {[%clk 00:01:25]} {[%emt 00:00:12]} 35. Qxc5 {[%clk
00:19:04]} {[%emt 00:00:14]} Re8 {[%clk 00:01:18]} {[%emt 00:00:37]} 36. Rd1
{[%clk 00:18:33]} {[%emt 00:01:01]} Rd7 {[%clk 00:00:39]} {[%emt 00:01:09]} 37.
Qc3+ {[%clk 00:18:35]} {[%emt 00:00:26]} Rg7 {[%clk 00:00:40]} {[%emt
00:00:31]} 38. f6 {[%clk 00:18:22]} {[%emt 00:00:42]} Rf7 {[%clk 00:01:06]}
{[%emt 00:00:04]} 39. Re1 {[%clk 00:17:32]} {[%emt 00:01:19]} Rxe1+ {[%clk
00:00:57]} {[%emt 00:00:40]} 40. Qxe1 {[%clk 00:17:57]} {[%emt 00:00:05]} Rxf6
{[%clk 00:01:21]} {[%emt 00:00:06]} 41. h4 {[%clk 00:17:38]} {[%emt 00:00:48]}
Kg8 {[%clk 00:28:27]} {[%emt 00:03:24]} 42. Qe5 {[%clk 00:47:14]} {[%emt
00:00:53]} Kf7 {[%clk 00:27:10]} {[%emt 00:01:50]} 43. f4 {[%clk 00:43:38]}
{[%emt 00:04:06]} h6 {[%clk 00:24:18]} {[%emt 00:03:23]} 44. Qc7+ {[%clk
00:39:42]} {[%emt 00:04:23]} Kg8 {[%clk 00:21:05]} {[%emt 00:03:44]} 45. f5
{[%clk 00:37:49]} {[%emt 00:02:25]} Rxf5 {[%clk 00:15:51]} {[%emt 00:05:44]}
46. Qc8+ {[%clk 00:37:10]} {[%emt 00:01:08]} Rf8 {[%clk 00:16:13]} {[%emt
00:00:09]} 47. Qe6+ {[%clk 00:37:24]} {[%emt 00:00:13]} Kg7 {[%clk 00:16:01]}
{[%emt 00:00:44]} 48. h5 {[%clk 00:37:27]} {[%emt 00:00:26]} Rf6 {[%clk
00:15:34]} {[%emt 00:00:59]} 49. Qe7+ {[%clk 00:37:40]} {[%emt 00:00:16]} Rf7
{[%clk 00:15:24]} {[%emt 00:00:42]} 50. Qe5+ {[%clk 00:37:48]} {[%emt
00:00:19]} Rf6 {[%clk 00:09:54]} {[%emt 00:06:02]} 51. g4 {[%clk 00:35:05]}
{[%emt 00:03:12]} Kf7 {[%clk 00:09:03]} {[%emt 00:01:20]} 52. Kh2 {[%clk
00:33:24]} {[%emt 00:02:08]} Be8 {[%clk 00:04:46]} {[%emt 00:04:50]} 53. Kg3
{[%clk 00:32:40]} {[%emt 00:01:12]} Re6 {[%clk 00:03:22]} {[%emt 00:01:57]} 54.
Qf5+ {[%clk 00:32:07]} {[%emt 00:01:01]} Rf6 {[%clk 00:01:46]} {[%emt
00:02:08]} 55. Qd5+ {[%clk 00:32:14]} {[%emt 00:00:22]} Ke7 {[%clk 00:00:59]}
{[%emt 00:01:18]} 56. Kh4 {[%clk 00:31:49]} {[%emt 00:00:53]} Rd6 {[%clk
00:01:03]} {[%emt 00:00:28]} 57. Qc5 {[%clk 00:30:58]} {[%emt 00:01:19]} Bf7
{[%clk 00:00:35]} {[%emt 00:00:58]} 58. g5 {[%clk 00:30:59]} {[%emt 00:00:30]}
hxg5+ {[%clk 00:00:44]} {[%emt 00:00:22]} 59. Qxg5+ {[%clk 00:31:00]} {[%emt
00:00:27]} Kd7 {[%clk 00:00:36]} {[%emt 00:00:37]} 60. Qg7 {[%clk 00:30:59]}
{[%emt 00:00:26]} Ke8 {[%clk 00:00:37]} {[%emt 00:00:34]} 61. h6 {[%clk
00:26:51]} {[%emt 00:04:38]} Rg6 {[%clk 00:00:54]} {[%emt 00:00:15]} 62. Qh8+
{[%clk 00:27:07]} {[%emt 00:00:12]} Ke7 {[%clk 00:00:33]} {[%emt 00:00:53]} 63.
h7 {[%clk 00:25:35]} {[%emt 00:02:02]} Rh6+ {[%clk 00:00:36]} {[%emt 00:00:28]}
64. Kg5 {[%clk 00:25:08]} {[%emt 00:00:52]} Rg6+ {[%clk 00:00:32]} {[%emt
00:00:39]} 65. Kf5 {[%clk 00:25:05]} {[%emt 00:00:24]} Re6 {[%clk 00:00:35]}
{[%emt 00:00:36]} 66. Qe5 {[%clk 00:23:53]} {[%emt 00:01:39]} Bg6+ {[%clk
00:00:52]} {[%emt 00:00:16]} 67. Kf4 {[%clk 00:23:44]} {[%emt 00:00:35]} Rxe5
{[%clk 00:00:54]} {[%emt 00:00:31]} 68. h8=Q {[%clk 00:23:48]} {[%emt
00:00:25]} Rf5+ {[%clk 00:01:08]} {[%emt 00:00:17]} 69. Kg4 {[%clk 00:23:34]}
{[%emt 00:00:32]} Kf7 {[%clk 00:01:03]} {[%emt 00:00:47]} 70. Qc3 {[%clk
00:22:51]} {[%emt 00:01:01]} a5 {[%clk 00:00:46]} {[%emt 00:00:59]} 71. Qc6
{[%clk 00:20:51]} {[%emt 00:02:10]} Kg7 {[%clk 00:00:33]} {[%emt 00:01:03]} 72.
Qe6 {[%clk 00:20:30]} {[%emt 00:00:38]} Rf7 {[%clk 00:00:35]} {[%emt 00:00:37]}
73. Qe5+ {[%clk 00:20:02]} {[%emt 00:00:59]} Kf8 {[%clk 00:00:35]} {[%emt
00:00:32]} 74. Qxa5 {[%clk 00:18:31]} {[%emt 00:02:02]} Bh7 {[%clk 00:00:36]}
{[%emt 00:00:29]} 75. Qc5+ {[%clk 00:18:09]} {[%emt 00:00:38]} Re7 {[%clk
00:00:38]} {[%emt 00:00:42]} 76. b4 {[%clk 00:18:18]} {[%emt 00:00:20]} Ke8
{[%clk 00:00:50]} {[%emt 00:00:19]} 77. Qc8+ {[%clk 00:13:41]} {[%emt
00:05:06]} Kf7 {[%clk 00:01:12]} {[%emt 00:00:09]} 78. b5 {[%clk 00:12:08]}
{[%emt 00:02:03]} Be4 {[%clk 00:01:21]} {[%emt 00:00:21]} 79. b6 {[%clk
00:08:42]} {[%emt 00:03:54]} Bb7 {[%clk 00:01:26]} {[%emt 00:00:27]} 80. Qd8
{[%clk 00:04:45]} {[%emt 00:04:26]} Be4 {[%clk 00:01:16]} {[%emt 00:00:41]} 81.
Kf4 {[%clk 00:03:49]} {[%emt 00:01:18]} Bb7 {[%clk 00:01:20]} {[%emt 00:00:33]}
1/2-1/2

[Event "Deutsche Ländermeisterschaft 2025"]
[Site "Oer-Erkenschwick GER"]
[Date "2025.10.03"]
[Round "4"]
[White "Gao, Chenzhuo"]
[Black "Retzlaff, Nick"]
[Result "0-1"]
[Termination "normal"]
[Board "3.6"]
[WhiteElo "1848"]
[BlackElo "1875"]
[WhiteClock "00:17:41"]
[BlackClock "00:01:58"]
[WhiteTeam "Hessen"]
[BlackTeam "Württemberg"]
[PlyCount "116"]
[WhiteFideId "34668608"]
[BlackFideId "34610367"]
[EventCountry "GER"]
[EventRounds "7"]
[EventType "team-swiss"]
[EventDate "2025.09.30"]

1. d4 {[%clk 01:30:55]} {[%emt 00:00:04]} Nf6 {[%clk 01:30:56]} {[%emt
00:00:04]} 2. Nf3 {[%clk 01:31:18]} {[%emt 00:00:07]} g6 {[%clk 01:31:22]}
{[%emt 00:00:05]} 3. c4 {[%clk 01:31:42]} {[%emt 00:00:06]} Bg7 {[%clk
01:31:45]} {[%emt 00:00:07]} 4. Nc3 {[%clk 01:32:03]} {[%emt 00:00:09]} O-O
{[%clk 01:32:08]} {[%emt 00:00:07]} 5. e4 {[%clk 01:32:07]} {[%emt 00:00:26]}
d6 {[%clk 01:32:33]} {[%emt 00:00:05]} 6. Be2 {[%clk 01:32:16]} {[%emt
00:00:21]} Bg4 {[%clk 01:30:28]} {[%emt 00:02:34]} 7. O-O {[%clk 01:31:47]}
{[%emt 00:00:58]} c5 {[%clk 01:13:30]} {[%emt 00:17:30]} 8. dxc5 {[%clk
01:25:03]} {[%emt 00:07:14]} dxc5 {[%clk 01:13:44]} {[%emt 00:00:15]} 9. e5
{[%clk 01:25:13]} {[%emt 00:00:21]} Nfd7 {[%clk 01:13:41]} {[%emt 00:00:33]}
10. h3 {[%clk 01:20:54]} {[%emt 00:04:50]} Be6 {[%clk 01:06:26]} {[%emt
00:07:44]} 11. Bf4 {[%clk 01:19:04]} {[%emt 00:02:20]} Nc6 {[%clk 01:06:29]}
{[%emt 00:00:26]} 12. Ne4 {[%clk 01:18:11]} {[%emt 00:01:21]} Qc7 {[%clk
00:54:47]} {[%emt 00:12:14]} 13. Neg5 {[%clk 01:12:23]} {[%emt 00:06:18]} Ndxe5
{[%clk 00:49:53]} {[%emt 00:05:24]} 14. Nxe6 {[%clk 01:11:28]} {[%emt
00:01:25]} fxe6 {[%clk 00:48:52]} {[%emt 00:01:32]} 15. Bxe5 {[%clk 01:11:32]}
{[%emt 00:00:26]} Bxe5 {[%clk 00:48:29]} {[%emt 00:00:52]} 16. Ng5 {[%clk
01:10:00]} {[%emt 00:02:02]} Rad8 {[%clk 00:46:50]} {[%emt 00:02:10]} 17. Qa4
{[%clk 01:07:25]} {[%emt 00:03:03]} Nd4 {[%clk 00:43:21]} {[%emt 00:04:01]} 18.
Bg4 {[%clk 01:06:20]} {[%emt 00:01:32]} Rf6 {[%clk 00:29:33]} {[%emt 00:14:20]}
19. Rae1 {[%clk 01:02:26]} {[%emt 00:04:21]} h5 {[%clk 00:22:39]} {[%emt
00:07:29]} 20. Bd1 {[%clk 01:01:48]} {[%emt 00:01:05]} Kg7 {[%clk 00:17:23]}
{[%emt 00:05:48]} 21. Qxa7 {[%clk 00:56:45]} {[%emt 00:05:33]} Rf5 {[%clk
00:12:56]} {[%emt 00:04:58]} 22. Ne4 {[%clk 00:54:52]} {[%emt 00:02:22]} Bd6
{[%clk 00:12:56]} {[%emt 00:00:30]} 23. h4 {[%clk 00:51:26]} {[%emt 00:03:57]}
Rdf8 {[%clk 00:10:40]} {[%emt 00:02:46]} 24. g3 {[%clk 00:48:40]} {[%emt
00:03:16]} e5 {[%clk 00:05:31]} {[%emt 00:05:38]} 25. Kg2 {[%clk 00:47:44]}
{[%emt 00:01:26]} Nc6 {[%clk 00:03:43]} {[%emt 00:02:18]} 26. Qa4 {[%clk
00:46:42]} {[%emt 00:01:30]} Nd4 {[%clk 00:02:47]} {[%emt 00:01:27]} 27. Ng5
{[%clk 00:45:28]} {[%emt 00:01:44]} b6 {[%clk 00:02:15]} {[%emt 00:01:02]} 28.
Bc2 {[%clk 00:40:39]} {[%emt 00:05:19]} e6 {[%clk 00:00:56]} {[%emt 00:01:50]}
29. Be4 {[%clk 00:38:30]} {[%emt 00:02:39]} R5f6 {[%clk 00:01:12]} {[%emt
00:00:14]} 30. Re3 {[%clk 00:37:59]} {[%emt 00:00:59]} Nf5 {[%clk 00:00:41]}
{[%emt 00:01:03]} 31. Ra3 {[%clk 00:37:40]} {[%emt 00:00:43]} Be7 {[%clk
00:00:37]} {[%emt 00:00:39]} 32. Qa7 {[%clk 00:35:01]} {[%emt 00:03:09]} Qd6
{[%clk 00:00:56]} {[%emt 00:00:11]} 33. Rb3 {[%clk 00:32:56]} {[%emt 00:02:35]}
b5 {[%clk 00:00:44]} {[%emt 00:00:42]} 34. Rd3 {[%clk 00:32:21]} {[%emt
00:01:04]} Nd4 {[%clk 00:00:53]} {[%emt 00:00:22]} 35. cxb5 {[%clk 00:32:01]}
{[%emt 00:00:51]} c4 {[%clk 00:01:05]} {[%emt 00:00:18]} 36. Rdd1 {[%clk
00:31:37]} {[%emt 00:00:53]} Qc5 {[%clk 00:01:21]} {[%emt 00:00:15]} 37. Qxc5
{[%clk 00:31:00]} {[%emt 00:01:07]} Bxc5 {[%clk 00:01:42]} {[%emt 00:00:09]}
38. Rc1 {[%clk 00:30:48]} {[%emt 00:00:39]} Ne2 {[%clk 00:01:40]} {[%emt
00:00:35]} 39. Nxe6+ {[%clk 00:25:45]} {[%emt 00:05:33]} Rxe6 {[%clk 00:01:38]}
{[%emt 00:00:31]} 40. Rxc4 {[%clk 00:26:05]} {[%emt 00:00:10]} Bb6 {[%clk
00:01:26]} {[%emt 00:00:43]} 41. a4 {[%clk 00:25:43]} {[%emt 00:00:52]} Rd6
{[%clk 00:20:20]} {[%emt 00:11:34]} 42. b4 {[%clk 00:50:09]} {[%emt 00:06:05]}
Rd4 {[%clk 00:18:08]} {[%emt 00:02:43]} 43. Rxd4 {[%clk 00:47:39]} {[%emt
00:03:00]} Bxd4 {[%clk 00:17:09]} {[%emt 00:01:29]} 44. f3 {[%clk 00:44:41]}
{[%emt 00:03:27]} Nc3 {[%clk 00:14:44]} {[%emt 00:02:55]} 45. Bc2 {[%clk
00:38:35]} {[%emt 00:06:35]} Nd5 {[%clk 00:14:57]} {[%emt 00:00:18]} 46. Kh3
{[%clk 00:34:22]} {[%emt 00:04:44]} Ne3 {[%clk 00:13:48]} {[%emt 00:01:39]} 47.
Rf2 {[%clk 00:32:52]} {[%emt 00:02:00]} Nd5 {[%clk 00:12:54]} {[%emt 00:01:23]}
48. Rd2 {[%clk 00:31:54]} {[%emt 00:01:25]} Nxb4 {[%clk 00:12:11]} {[%emt
00:01:15]} 49. Be4 {[%clk 00:31:36]} {[%emt 00:00:45]} Rd8 {[%clk 00:07:07]}
{[%emt 00:05:38]} 50. Kg2 {[%clk 00:25:23]} {[%emt 00:06:44]} Rc8 {[%clk
00:04:32]} {[%emt 00:03:04]} 51. f4 {[%clk 00:24:40]} {[%emt 00:01:14]} Rc3
{[%clk 00:03:20]} {[%emt 00:01:41]} 52. fxe5 {[%clk 00:23:35]} {[%emt
00:01:36]} Bxe5 {[%clk 00:03:27]} {[%emt 00:00:23]} 53. Rd7+ {[%clk 00:23:45]}
{[%emt 00:00:20]} Kf6 {[%clk 00:03:19]} {[%emt 00:00:37]} 54. Bf3 {[%clk
00:22:35]} {[%emt 00:01:40]} Nc2 {[%clk 00:02:05]} {[%emt 00:01:43]} 55. Ra7
{[%clk 00:16:36]} {[%emt 00:06:30]} Ne1+ {[%clk 00:02:10]} {[%emt 00:00:24]}
56. Kf1 {[%clk 00:16:59]} {[%emt 00:00:08]} Nxf3 {[%clk 00:02:15]} {[%emt
00:00:25]} 57. b6 {[%clk 00:17:23]} {[%emt 00:00:06]} Bd4 {[%clk 00:02:38]}
{[%emt 00:00:08]} 58. Ra6 {[%clk 00:17:41]} {[%emt 00:00:11]} Rc2 {[%clk
00:01:58]} {[%emt 00:01:10]} 0-1